| 000 | 00858nam a2200265 i 4500 | ||
|---|---|---|---|
| 001 | 17081 | ||
| 003 | ES-MaACL | ||
| 005 | 20251122145419.0 | ||
| 007 | t| | ||
| 008 | 001219s2000 sp |||| | spa d | ||
| 020 | _a84-339-1328-X | ||
| 080 | _a316.74:391(091) | ||
| 100 | 1 |
_aLipovetsky, Gilles. _972497 |
|
| 245 | 1 | 3 |
_aEl imperio de lo efímero _b: la moda y su destino en las sociedades modernas / _cGilles Lipovetsky ; traducción de Felipe Hernández y Carmen López. |
| 250 | _a7ª ed. | ||
| 260 |
_aBarcelona : _bAnagrama, _c2000. |
||
| 300 |
_a324 p. ; _c22 cm. |
||
| 490 | 1 |
_aArgumentos ; _v107 |
|
| 650 | 0 | 4 |
_aModa- _xAspectos sociales. _915120 |
| 700 | 1 |
_aHernández, Felipe, _ctraductor _9150101 |
|
| 700 | 1 |
_aLópez, Carmen. _973316 |
|
| 830 | 0 |
_aArgumentos ; _v107 _9178418 |
|
| 852 |
_aES-MaACL _jL-23970 |
||
| 999 |
_c17081 _d17081 |
||